Development of an achievement test in educational psychology for B.Ed. (Marathi Medium) students and preparation of a question bank (Record no. 12555)

MARC details
000 -LEADER
fixed length control field 00533nam a2200157Ia 4500
082 ## - DEWEY DECIMAL CLASSIFICATION NUMBER
Classification number TD.0145
100 ## - MAIN ENTRY--AUTHOR NAME
Personal name Datar, Vandana Vasant
245 #0 - TITLE STATEMENT
Title Development of an achievement test in educational psychology for B.Ed. (Marathi Medium) students and preparation of a question bank
260 ## - PUBLICATION, DISTRIBUTION, ETC. (IMPRINT)
Year of publication 1982
Name of publisher S.N.D.T. Women's University
300 ## - PHYSICAL DESCRIPTION
Number of Pages 883p. + C D - 68
650 ## - SUBJECT ADDED ENTRY--TOPICAL TERM
Topical Term EDUCATIONAL PSYCHOLOGY
650 ## - SUBJECT ADDED ENTRY--TOPICAL TERM
Topical Term COLLEGE STUDENTS - PSYCHOLOGY
650 ## - SUBJECT ADDED ENTRY--TOPICAL TERM
Topical Term ACADEMIC ACHIEVEMENT - TESTING
710 ## - ADDED ENTRY--CORPORATE NAME
Corporate name or jurisdiction name as entry element Sohoni, B.K.
942 ## - ADDED ENTRY ELEMENTS (KOHA)
Koha item type Thesis
Source of classification or shelving scheme Dewey Decimal Classification
Holdings
Withdrawn status Lost status Damaged status Not for loan Home library Current library Date acquired Bill Date Full call number Accession Number Price effective from Koha item type
        NASSDOC Library NASSDOC Library 08/10/2004 2004-10-22 TD.0145 18885 18/04/2019 Thesis